[Event "BL 2425 Hamburger SK - SV Werder Bremen"]
[Site "?"]
[Date "2025.02.01"]
[Round "7.3"]
[White "Efimenko, Zahar"]
[Black "Kempinski, Robert"]
[Result "1/2-1/2"]
[WhiteElo "2565"]
[BlackElo "2552"]
[PlyCount "45"]
[EventDate "2025.??.??"]

1. Nf3 Nf6 2. g3 b6 3. Bg2 Bb7 4. O-O e6 5. d3 d5 6. Nbd2 Nbd7 7. Re1 Bc5 8. d4 Be7 9. b3 c5 10. Bb2 O-O 11. c4 dxc4 12. Nxc4 b5 13. Nce5 Nxe5 14. Nxe5 Bxg2 15. Kxg2 Qd5+ 16. Kg1 Rfd8 17. Rc1 Bd6 18. Nf3 Rac8 19. dxc5 Bxc5 20. Bxf6 Qxd1 21. Rexd1 Rxd1+ 22. Rxd1 gxf6 23. g4 1/2-1/2

[Event "BL 2425 Hamburger SK - SV Werder Bremen"]
[Site "?"]
[Date "2025.02.01"]
[Round "7.4"]
[White "Engel, Luis"]
[Black "Cheng, Bobby"]
[Result "1/2-1/2"]
[WhiteElo "2554"]
[BlackElo "2594"]
[PlyCount "118"]
[EventDate "2025.??.??"]

1. e4 e6 2. d4 d5 3. Nd2 c5 4. Ngf3 cxd4 5. Nxd4 Nc6 6. Bb5 Bd7 7. Nxc6 bxc6 8. Bd3 Bd6 9. Qe2 e5 10. O-O f5 11. f4 fxe4 12. Bxe4 Qe7 13. Qh5+ Kd8 14. fxe5 Qxe5 15. Qxe5 Bxe5 16. Nf3 Bd6 17. Bd3 Nf6 18. Bd2 Re8 19. Ba5+ Bc7 20. Bxc7+ Kxc7 21. c4 Re3 22. Rfd1 Bg4 23. cxd5 Nxd5 24. Bxh7 Bxf3 25. gxf3 Re2 26. Re1 Rxb2 27. Bd3 Rab8 28. Re4 Rd2 29. Bf1 Rb4 30. Re6 Nf4 31. Re7+ Rd7 32. Rae1 Nd5 33. R7e4 a5 34. h4 Nc3 35. Re5 Kb6 36. h5 Nxa2 37. Ra1 Rb2 38. Bc4 Nb4 39. Rexa5 Nc2 40. R5a2 Rxa2 41. Rxa2 Nd4 42. Kg2 Kc5 43. Bg8 Kb4 44. Rb2+ Kc3 45. Rb8 Rc7 46. Kg3 c5 47. Kg4 c4 48. f4 Nc6 49. Rb5 Ne7 50. Bh7 Kd4 51. Rb1 Nd5 52. Rd1+ Kc5 53. Kg5 c3 54. Be4 Nb4 55. f5 c2 56. Rc1 Kd4 57. Bxc2 Nd3 58. Bxd3 Rxc1 59. f6 gxf6+ 1/2-1/2

[Event "BL 2425 Hamburger SK - SV Werder Bremen"]
[Site "?"]
[Date "2025.02.01"]
[Round "7.5"]
[White "Babula, Vlastimil"]
[Black "Papp, Gabor"]
[Result "1-0"]
[WhiteElo "2492"]
[BlackElo "2500"]
[PlyCount "109"]
[EventDate "2025.??.??"]

1. d4 Nf6 2. c4 e6 3. Nc3 Bb4 4. e3 O-O 5. Bd3 d5 6. cxd5 exd5 7. a3 Bd6 8. Qc2 b6 9. b4 Ba6 10. Nf3 Bxd3 11. Qxd3 Re8 12. Bb2 a6 13. O-O Nbd7 14. b5 axb5 15. Nxb5 Bf8 16. Nc3 c6 17. a4 Ne4 18. Rfc1 Ndf6 19. Ne5 c5 20. Nxe4 Nxe4 21. dxc5 bxc5 22. f3 c4 23. Qc2 Nc5 24. Rd1 Nb3 25. Rab1 Qb6 26. Rxd5 Qxe3+ 27. Kh1 Rxa4 28. h3 Qf4 29. Re1 f6 30. Re4 Qf5 31. Ng4 Qxd5 32. Rxe8 Qd3 33. Qxd3 cxd3 34. Ne3 Ra2 35. Nd1 Kf7 36. Rd8 Nc5 37. Kh2 Be7 38. Rd4 Ke6 39. Rb4 Bd6+ 40. Kg1 Na4 41. Rb3 Bg3 42. Kf1 h5 43. Bd4 Rd2 44. Rb1 Kd5 45. Be3 Re2 46. Bf2 h4 47. Bxg3 hxg3 48. Rb4 Rd2 49. Ne3+ Kc5 50. Rxa4 Rf2+ 51. Kg1 d2 52. Rc4+ Kb5 53. Rd4 Kc5 54. Rd3 Re2 55. Nf1 1-0

[Event "BL 2425 Hamburger SK - SV Werder Bremen"]
[Site "?"]
[Date "2025.02.01"]
[Round "7.6"]
[White "Costa, Leonardo"]
[Black "Wachinger, Nikolas"]
[Result "1/2-1/2"]
[WhiteElo "2503"]
[BlackElo "2451"]
[PlyCount "89"]
[EventDate "2025.??.??"]

1. e4 c5 2. Nf3 d6 3. d4 cxd4 4. Nxd4 Nf6 5. Nc3 a6 6. Bd3 e5 7. Nde2 Be7 8. O-O O-O 9. Ng3 Be6 10. Nd5 Nxd5 11. exd5 Bxd5 12. Bxh7+ Kxh7 13. Qxd5 Nc6 14. Nf5 Qd7 15. Qe4 g6 16. Nxe7 Nxe7 17. Rd1 f6 18. b3 d5 19. Qh4+ Kg8 20. Ba3 Rae8 21. Qh6 Qf5 22. Rd3 e4 23. Rh3 Kf7 24. Qd2 Rh8 25. Rxh8 Rxh8 26. Rd1 Qe5 27. h3 Rd8 28. Bxe7 Qxe7 29. Qh6 Qf8 30. Qh4 Kg7 31. Qf4 Qd6 32. Qe3 Qc7 33. c3 Qe7 34. Rd4 Qe5 35. c4 Kf7 36. g3 f5 37. Kg2 Rd6 38. h4 dxc4 39. Rxc4 Rd7 40. Rc5 Qa1 41. Qh6 Rd1 42. Qh7+ Kf6 43. Qh8+ Ke6 44. Qc8+ Kf6 45. Qf8+ 1/2-1/2

[Event "BL 2425 Hamburger SK - SV Werder Bremen"]
[Site "?"]
[Date "2025.02.01"]
[Round "7.7"]
[White "Grigorian, Spartak"]
[Black "Lubbe, Nikolas"]
[Result "1-0"]
[WhiteElo "2428"]
[BlackElo "2493"]
[PlyCount "157"]
[EventDate "2025.??.??"]

1. d4 d5 2. c4 e6 3. Nf3 Nf6 4. Nc3 Be7 5. Bf4 O-O 6. e3 b6 7. Bd3 dxc4 8. Bxc4 Ba6 9. Bxa6 Nxa6 10. Ne5 Nb4 11. O-O Nbd5 12. Nc6 Nxc3 13. bxc3 Qd7 14. Qf3 Bd6 15. c4 Bxf4 16. exf4 a6 17. a4 g6 18. Rfb1 a5 19. Rd1 Rae8 20. h3 Qd6 21. Rac1 h5 22. g3 Kg7 23. Kg2 Rh8 24. Rd3 Qd7 25. Re1 Qd6 26. Rde3 Qd7 27. Re5 Qd6 28. Rb5 Qd7 29. Rbe5 Qd6 30. R5e3 Qd7 31. Rd1 Qd6 32. Rc3 Qd7 33. Ra3 Qd6 34. Rb3 Qd7 35. Rb5 Rhf8 36. Re1 Rh8 37. Rbe5 Qd6 38. Rb5 Qd7 39. Reb1 Rhf8 40. Re5 Rh8 41. Rb2 Rhf8 42. Rb3 Rh8 43. Rb1 Rhf8 44. Rd1 Rh8 45. d5 exd5 46. cxd5 Qd6 47. Qc3 Kh7 48. Na7 Ne4 49. Qd4 Nc5 50. Rde1 Qd7 51. Nc6 Rxe5 52. fxe5 Re8 53. Re3 Ne6 54. Qc4 Ng7 55. g4 Kg8 56. Kg3 g5 57. Rf3 Rf8 58. Rf6 Ne8 59. Qc1 Ng7 60. Qxg5 Re8 61. gxh5 Kh7 62. Rh6+ Kg8 63. Rf6 Kh7 64. h6 Rg8 65. Kh2 Ne8 66. Qf5+ Qxf5 67. Rxf5 Rf8 68. Nd4 Kg6 69. Rf3 f6 70. Rg3+ Kxh6 71. Nf5+ Kh7 72. e6 Rg8 73. Rf3 Rg5 74. Rf4 Kg6 75. Ne7+ Kg7 76. h4 Re5 77. Rg4+ Kh7 78. Rg8 Nd6 79. Rd8 1-0

[Event "BL 2425 Hamburger SK - SV Werder Bremen"]
[Site "?"]
[Date "2025.02.01"]
[Round "7.8"]
[White "Sebastian, Dirk"]
[Black "Reuker, Jari"]
[Result "1/2-1/2"]
[WhiteElo "2430"]
[BlackElo "2417"]
[PlyCount "59"]
[EventDate "2025.??.??"]

1. e4 e5 2. Nf3 Nc6 3. Bc4 Bc5 4. O-O Nf6 5. d3 O-O 6. Re1 d6 7. c3 a5 8. h3 h6 9. d4 Bb6 10. Be3 exd4 11. cxd4 d5 12. exd5 Nb4 13. Nc3 Nbxd5 14. Bd2 c6 15. Qb3 Qd6 16. Rac1 Be6 17. Bxd5 Nxd5 18. Nxd5 cxd5 19. Qd3 Rfc8 20. Ne5 Rxc1 21. Rxc1 f6 22. Bxh6 fxe5 23. Qg6 Qd7 24. Bxg7 Bf5 25. Qxb6 Qxg7 26. Rc3 Kh8 27. Rg3 Qe7 28. dxe5 Rg8 29. Rxg8+ Kxg8 30. Qd4 1/2-1/2

[Event "BL 2425 USV TU Dresden - SV Mülheim Nor"]
[Site "?"]
[Date "2025.02.02"]
[Round "8.1"]
[White "Navara, David"]
[Black "Bartel, Mateusz"]
[Result "1-0"]
[WhiteElo "2677"]
[BlackElo "2629"]
[PlyCount "81"]
[EventDate "2025.??.??"]

1. d4 d5 2. c4 e6 3. Nf3 c6 4. e3 Nf6 5. b3 Bb4+ 6. Nbd2 c5 7. dxc5 e5 8. Bb2 Bg4 9. a3 Bxc5 10. b4 Be7 11. Bxe5 O-O 12. Be2 a5 13. b5 Nbd7 14. Bd4 a4 15. O-O Nc5 16. Ne5 Bf5 17. Bf3 Ne6 18. Bb2 Ng5 19. Be2 Re8 20. Rc1 Bd6 21. Ndf3 Nxf3+ 22. Nxf3 Qe7 23. c5 Bxc5 24. Bxf6 gxf6 25. Qxd5 Bxa3 26. Qxf5 Bxc1 27. Rxc1 Qe6 28. Qh5 a3 29. Bd3 a2 30. Nd4 Qc8 31. Qxh7+ Kf8 32. Rxc8 Rexc8 33. Bf1 Ke7 34. Qe4+ Kf8 35. Nf5 a1=Q 36. Qb4+ Kg8 37. Qg4+ Kf8 38. Qg7+ Ke8 39. Qg8+ Kd7 40. Qxf7+ Kd8 41. Qe7# 1-0

[Event "BL 2425 USV TU Dresden - SV Mülheim Nor"]
[Site "?"]
[Date "2025.02.02"]
[Round "8.2"]
[White "Pechac, Jergus"]
[Black "Fridman, Daniel"]
[Result "1-0"]
[WhiteElo "2603"]
[BlackElo "2577"]
[PlyCount "81"]
[EventDate "2025.??.??"]

1. Nf3 d5 2. d4 Nf6 3. Bg5 Ne4 4. Be3 Bf5 5. Nh4 Bd7 6. g3 Qc8 7. Bg2 Nf6 8. Qd3 c6 9. h3 g6 10. Nd2 Bg7 11. c4 O-O 12. Rc1 Na6 13. Qa3 dxc4 14. Nxc4 Be6 15. Qxe7 Nd5 16. Qa3 Nxe3 17. Qxe3 Qd8 18. Nf3 Bxc4 19. Rxc4 Qa5+ 20. Nd2 Qxa2 21. O-O Rfe8 22. Qd3 Rad8 23. e3 Qa5 24. b4 Qb5 25. Qb3 Bf8 26. Ne4 Re6 27. Nc3 Qb6 28. d5 cxd5 29. Nxd5 Qb5 30. Rd1 Rdd6 31. Rc8 Nxb4 32. Qb2 Re8 33. Rxe8 Qxe8 34. Nf6+ Rxf6 35. Qxf6 Qc8 36. Rd8 Qc7 37. h4 h5 38. Be4 Nc6 39. Bxc6 bxc6 40. e4 Qb7 41. Qd6 1-0

[Event "BL 2425 USV TU Dresden - SV Mülheim Nor"]
[Site "?"]
[Date "2025.02.02"]
[Round "8.3"]
[White "Tregubov, Pavel V."]
[Black "Vogel, Roven"]
[Result "1/2-1/2"]
[WhiteElo "2554"]
[BlackElo "2550"]
[PlyCount "118"]
[EventDate "2025.??.??"]

1. e4 c5 2. Nf3 d6 3. Bb5+ Nd7 4. Ba4 Ngf6 5. O-O a6 6. c4 g6 7. Nc3 Bg7 8. d3 O-O 9. h3 Ne8 10. Be3 e5 11. Rb1 Nc7 12. b4 cxb4 13. Rxb4 Nc5 14. Bxc5 dxc5 15. Rb2 Rb8 16. Qb1 Ne6 17. Nd5 b5 18. cxb5 Bd7 19. Rc1 Qa5 20. Bb3 Rxb5 21. Bc4 Rxb2 22. Qxb2 Bb5 23. Rb1 Bxc4 24. dxc4 Re8 25. Qd2 Qa4 26. Nb6 Qc6 27. Qd7 Nd4 28. Qxc6 Nxc6 29. Nd7 Nb4 30. a3 Nd3 31. Rb3 Nc1 32. Rb6 Ne2+ 33. Kf1 Nc3 34. Nxc5 Rd8 35. Rb3 Rd1+ 36. Ne1 Bf8 37. Rxc3 Bxc5 38. Ke2 Ra1 39. Nd3 Ra2+ 40. Kd1 Bd4 41. Rb3 Kf8 42. c5 a5 43. g4 Ke8 44. c6 Ke7 45. Rb5 Ra1+ 46. Ke2 Ra2+ 47. Kf1 Rxa3 48. Nxe5 Rc3 49. Rb7+ Kd6 50. Nxf7+ Kxc6 51. Nd8+ Kd6 52. Rb5 Ke7 53. Nb7 a4 54. Rb4 a3 55. Rxd4 a2 56. Ra4 Rc1+ 57. Kg2 a1=Q 58. Rxa1 Rxa1 59. Nc5 g5 1/2-1/2

[Event "BL 2425 USV TU Dresden - SV Mülheim Nor"]
[Site "?"]
[Date "2025.02.02"]
[Round "8.4"]
[White "Nisipeanu, Liviu-Dieter"]
[Black "Beerdsen, Thomas"]
[Result "1-0"]
[WhiteElo "2596"]
[BlackElo "2511"]
[PlyCount "81"]
[EventDate "2025.??.??"]

1. e4 e5 2. Nf3 Nc6 3. Bc4 Nf6 4. d3 Bc5 5. a4 O-O 6. O-O Re8 7. c3 d5 8. exd5 Nxd5 9. Ng5 Be7 10. Nxf7 Kxf7 11. Qf3+ Ke6 12. Qe4 g6 13. d4 Kf6 14. Bxd5 exd4 15. Bxc6 bxc6 16. Qxc6+ Be6 17. Bg5+ Kxg5 18. Qxe6 Bf6 19. Qh3 h5 20. cxd4 Qxd4 21. Nc3 Rad8 22. Rad1 Qg4 23. Rxd8 Qxh3 24. Rxe8 Qf5 25. Ne4+ Kh6 26. Nxf6 Qxf6 27. b3 Qc3 28. Re3 Qc2 29. h4 c5 30. Rfe1 a5 31. g3 c4 32. bxc4 Qxa4 33. c5 Qc2 34. Ra1 g5 35. hxg5+ Kxg5 36. Raa3 h4 37. Rac3 Qd1+ 38. Kh2 h3 39. c6 Qf1 40. f4+ Kg4 41. Rc2 1-0

[Event "BL 2425 USV TU Dresden - SV Mülheim Nor"]
[Site "?"]
[Date "2025.02.02"]
[Round "8.5"]
[White "Buckels, Valentin"]
[Black "Michalik, Peter"]
[Result "1/2-1/2"]
[WhiteElo "2443"]
[BlackElo "2567"]
[PlyCount "58"]
[EventDate "2025.??.??"]

1. d4 Nf6 2. Nf3 e6 3. Bf4 h6 4. c4 Bb4+ 5. Nbd2 d6 6. a3 Bxd2+ 7. Bxd2 c5 8. dxc5 dxc5 9. Bc3 O-O 10. Qc2 Nc6 11. Rd1 Qe7 12. Ne5 Nxe5 13. Bxe5 Ne8 14. Qd3 f6 15. Bc3 b6 16. e3 Bb7 17. Be2 Nc7 18. Qd7 Qxd7 19. Rxd7 Rac8 20. O-O Bc6 21. Rd6 Ba4 22. b4 Rfd8 23. Rxd8+ Rxd8 24. bxc5 bxc5 25. Rb1 Bc6 26. Ba5 Rc8 27. Bxc7 Rxc7 28. Bf3 Ba4 29. Bd1 Bc6 1/2-1/2

[Event "BL 2425 USV TU Dresden - SV Mülheim Nor"]
[Site "?"]
[Date "2025.02.02"]
[Round "8.6"]
[White "Maiwald, Jens-Uwe"]
[Black "Zelbel, Patrick"]
[Result "1/2-1/2"]
[WhiteElo "2415"]
[BlackElo "2482"]
[PlyCount "60"]
[EventDate "2025.??.??"]

1. e4 c5 2. Nf3 d6 3. Bb5+ Nd7 4. Ba4 Ngf6 5. O-O e6 6. Re1 a6 7. c3 b5 8. Bc2 c4 9. a4 Bb7 10. axb5 axb5 11. Rxa8 Qxa8 12. Na3 Bxe4 13. Bxe4 Nxe4 14. d3 cxd3 15. Qxd3 Nec5 16. Qe2 Be7 17. Nxb5 O-O 18. b4 Na4 19. c4 Rc8 20. Bg5 Bf8 21. Ra1 Ndb6 22. Nd2 Qa6 23. Qf1 Qb7 24. Rc1 Nb2 25. Be3 N6a4 26. Bd4 Rb8 27. Ba7 Rc8 28. Bd4 Rb8 29. Ba7 Rc8 30. Bd4 Rb8 1/2-1/2

[Event "BL 2425 USV TU Dresden - SV Mülheim Nor"]
[Site "?"]
[Date "2025.02.02"]
[Round "8.7"]
[White "Hausrath, Daniel"]
[Black "Neef, Maximilian"]
[Result "1/2-1/2"]
[WhiteElo "2450"]
[BlackElo "2469"]
[PlyCount "138"]
[EventDate "2025.??.??"]

1. Nf3 Nf6 2. g3 b6 3. Bg2 Bb7 4. O-O g6 5. b3 Bg7 6. Bb2 O-O 7. c4 c5 8. Nc3 d6 9. d4 cxd4 10. Nxd4 Bxg2 11. Kxg2 Qd7 12. e3 Nc6 13. Nd5 Nxd5 14. cxd5 Nxd4 15. Bxd4 Rfc8 16. Bxg7 Kxg7 17. Qd4+ Kg8 18. Rac1 Rc7 19. Rxc7 Qxc7 20. Rd1 Rc8 21. Qh4 Kg7 22. Qd4+ Kg8 23. Qh4 Qb7 24. Rd2 Rc1 25. Qa4 a5 26. Qb5 Rc5 27. Qd3 b5 28. h4 h5 29. e4 Qc7 30. a3 Kg7 31. Qd4+ f6 32. Qd3 Qc8 33. Qe2 Kf7 34. Qe3 Rc3 35. Rd3 b4 36. axb4 axb4 37. Qd2 Qc5 38. Rf3 Kg7 39. Rd3 Rc2 40. Qe3 Kf7 41. Qe1 Rc1 42. Qd2 Qb5 43. e5 dxe5 44. Qxc1 Qxd3 45. Qc6 Qc3 46. Qb6 Ke8 47. Qb5+ Kd8 48. Qb6+ Ke8 49. Qb5+ Kf8 50. Qb8+ Kg7 51. Qa7 Kf7 52. Qb6 e4 53. Qe6+ Kf8 54. Qxe4 Qxb3 55. d6 exd6 56. Qxg6 Qd5+ 57. Kh2 Qf3 58. Qh6+ Kf7 59. Qd2 b3 60. Qxd6 Qxf2+ 61. Kh3 Qf5+ 62. Kh2 b2 63. Qc7+ Kg6 64. Qb8 Qc2+ 65. Kh3 b1=Q 66. Qg8+ Kf5 67. Qd5+ Kg6 68. Qg8+ Kh6 69. Qf8+ Kg6 1/2-1/2

[Event "BL 2425 USV TU Dresden - SV Mülheim Nor"]
[Site "?"]
[Date "2025.02.02"]
[Round "8.8"]
[White "Loxine, Jakov"]
[Black "Gungl, Theo"]
[Result "1/2-1/2"]
[WhiteElo "2392"]
[BlackElo "2332"]
[PlyCount "45"]
[EventDate "2025.??.??"]

1. c4 c6 2. Nf3 d5 3. e3 Nf6 4. Nc3 e6 5. b3 Bd6 6. Bb2 O-O 7. Be2 e5 8. cxd5 cxd5 9. Nb5 Nc6 10. Nxd6 Qxd6 11. d4 e4 12. Ne5 Bf5 13. O-O Rac8 14. Qd2 Nd7 15. Nxc6 Rxc6 16. Rac1 Rfc8 17. Bb5 R6c7 18. Rxc7 Rxc7 19. Rc1 a6 20. Bxd7 Bxd7 21. Ba3 Rxc1+ 22. Qxc1 Qc6 23. Qc5 1/2-1/2

[Event "BL 2425 SF Bad Mergentheim - SK Kirchwey"]
[Site "?"]
[Date "2025.02.02"]
[Round "8.1"]
[White "Saric, Ivan"]
[Black "Kazakouski, Valery"]
[Result "1/2-1/2"]
[WhiteElo "2661"]
[BlackElo "2538"]
[PlyCount "95"]
[EventDate "2025.??.??"]

1. e4 e5 2. Nf3 Nc6 3. Bb5 a6 4. Ba4 Nge7 5. O-O Ng6 6. c3 d5 7. exd5 Qxd5 8. d4 Bg4 9. Bb3 Bxf3 10. Bxd5 Bxd1 11. Rxd1 O-O-O 12. Bxc6 bxc6 13. Be3 f5 14. f3 Bc5 15. Rd2 Bd6 16. Na3 Bxa3 17. bxa3 Rhe8 18. Rb2 c5 19. dxc5 Rd3 20. Re1 Red8 21. h4 f4 22. Bf2 Rd1 23. Rbe2 h5 24. Re4 Rxe1+ 25. Bxe1 Rd1 26. Kf1 Kd7 27. Ra4 Ra1 28. Ke2 Rxa2+ 29. Kf1 Ne7 30. Rxa6 Nf5 31. Bf2 Rc2 32. Ra8 Rxc3 33. a4 Kc6 34. Re8 Kd5 35. Rd8+ Kc4 36. c6 Rc1+ 37. Ke2 Nd4+ 38. Bxd4 exd4 39. Rd7 Rc2+ 40. Kf1 Rc1+ 41. Kf2 Ra1 42. Rxc7 Rxa4 43. Rxg7 Kc3 44. c7 Rc4 45. Ke2 d3+ 46. Kd1 Rc6 47. Rf7 Rc5 48. Rd7 1/2-1/2

[Event "BL 2425 SF Bad Mergentheim - SK Kirchwey"]
[Site "?"]
[Date "2025.02.02"]
[Round "8.2"]
[White "Pultinevicius, Paulius"]
[Black "Brkic, Ante"]
[Result "1-0"]
[WhiteElo "2566"]
[BlackElo "2606"]
[PlyCount "47"]
[EventDate "2025.??.??"]

1. d4 Nf6 2. c4 e6 3. Nf3 d5 4. Nc3 Bb4 5. Qa4+ Nc6 6. e3 O-O 7. Qc2 Re8 8. Bd2 b6 9. Bd3 Bb7 10. O-O Bf8 11. a3 Ne7 12. Rad1 dxc4 13. Bxc4 Bxf3 14. gxf3 Nf5 15. Bc1 Bd6 16. f4 c5 17. d5 exd5 18. Nxd5 Nh4 19. f3 Nxd5 20. Bxd5 Rc8 21. e4 c4 22. f5 g5 23. Kh1 h6 24. f4 1-0

[Event "BL 2425 SF Bad Mergentheim - SK Kirchwey"]
[Site "?"]
[Date "2025.02.02"]
[Round "8.3"]
[White "Predojevic, Borki"]
[Black "Laurusas, Tomas"]
[Result "1/2-1/2"]
[WhiteElo "2563"]
[BlackElo "2578"]
[PlyCount "41"]
[EventDate "2025.??.??"]

1. e4 e5 2. Nf3 Nf6 3. d4 Nxe4 4. Bd3 d5 5. Nxe5 Nd7 6. Nxd7 Bxd7 7. Nd2 Nxd2 8. Bxd2 Qe7+ 9. Be3 O-O-O 10. O-O Be6 11. b3 g6 12. c4 dxc4 13. bxc4 Bg7 14. Qa4 Rxd4 15. Bxd4 Bxd4 16. Rab1 Bd7 17. Qc2 f5 18. Rfd1 Bb6 19. Be2 Qc5 20. Bf3 c6 21. Rd2 1/2-1/2

[Event "BL 2425 SF Bad Mergentheim - SK Kirchwey"]
[Site "?"]
[Date "2025.02.02"]
[Round "8.4"]
[White "Razafindratsima, Timothe"]
[Black "Markus, Robert"]
[Result "0-1"]
[WhiteElo "2472"]
[BlackElo "2595"]
[PlyCount "94"]
[EventDate "2025.??.??"]

1. c4 Nf6 2. Nc3 d6 3. g3 g6 4. Bg2 Bg7 5. Nf3 O-O 6. O-O e5 7. d3 Re8 8. Rb1 a5 9. a3 c6 10. b4 axb4 11. axb4 h6 12. b5 d5 13. bxc6 bxc6 14. d4 e4 15. Ne5 Be6 16. Be3 Ra6 17. Qd2 Kh7 18. cxd5 cxd5 19. f3 Nbd7 20. Rbd1 exf3 21. exf3 Ra3 22. Ra1 Rxa1 23. Rxa1 Nb6 24. Qf2 Nc4 25. f4 Ng4 26. Nxg4 Bxg4 27. Nxd5 Nxe3 28. Ra8 Qxa8 29. Nf6+ Bxf6 30. Bxa8 Nd1 31. Qd2 Rxa8 32. h3 Bxh3 33. Qxd1 Be6 34. f5 Bxf5 35. g4 Be6 36. g5 hxg5 37. Qd3 Rd8 38. Qe2 Rxd4 39. Qf3 Kg7 40. Qe3 g4 41. Kh2 Rb4 42. Qd3 g3+ 43. Kg2 Rb2+ 44. Kg1 Bh3 45. Kh1 g2+ 46. Kh2 Be5+ 47. Kg1 Rb1+ 0-1

[Event "BL 2425 SF Bad Mergentheim - SK Kirchwey"]
[Site "?"]
[Date "2025.02.02"]
[Round "8.5"]
[White "Stevic, Hrvoje"]
[Black "Ikonnikov, Vyacheslav"]
[Result "1/2-1/2"]
[WhiteElo "2542"]
[BlackElo "2434"]
[PlyCount "67"]
[EventDate "2025.??.??"]

1. e4 c5 2. Nf3 Nc6 3. Bb5 Nf6 4. e5 Ng4 5. Bxc6 dxc6 6. h3 Nh6 7. g4 Ng8 8. Nc3 h5 9. g5 Bf5 10. d3 e6 11. Qe2 Ne7 12. Ne4 Ng6 13. Bd2 Bxe4 14. Qxe4 Qd5 15. c4 Qxe4+ 16. dxe4 Be7 17. O-O-O O-O-O 18. Kc2 Rd7 19. Bc3 Rxd1 20. Rxd1 h4 21. Rg1 Nf4 22. Bd2 Ng6 23. Rg4 Bd8 24. Kd3 Bc7 25. Bc3 b5 26. b3 b4 27. Bb2 a5 28. Kc2 Kb7 29. a4 Kb6 30. Kd2 Rd8+ 31. Ke2 Rh8 32. Ke3 Kb7 33. Ke2 Kb6 34. Ke3 1/2-1/2

[Event "BL 2425 SF Bad Mergentheim - SK Kirchwey"]
[Site "?"]
[Date "2025.02.02"]
[Round "8.6"]
[White "Neuman, Petr"]
[Black "Jovanovic, Zoran"]
[Result "0-1"]
[WhiteElo "2436"]
[BlackElo "2511"]
[PlyCount "64"]
[EventDate "2025.??.??"]

1. d4 d6 2. e4 Nf6 3. Nc3 e5 4. Nf3 exd4 5. Nxd4 Be7 6. Be2 O-O 7. Bf4 Nc6 8. Qd2 Nxd4 9. Qxd4 Be6 10. O-O-O a6 11. Kb1 b5 12. Bf3 c5 13. Qd2 b4 14. Na4 Qa5 15. b3 Rad8 16. Qe3 Ne8 17. e5 d5 18. Bg5 Bxg5 19. Qxg5 Nc7 20. Be2 d4 21. Rd3 c4 22. Rg3 g6 23. h4 d3 24. Bd1 Nb5 25. h5 Na3+ 26. Kc1 f6 27. exf6 d2+ 28. Kb2 c3+ 29. Ka1 Qxg5 30. Rxg5 Rxf6 31. hxg6 Bf5 32. gxh7+ Kh8 0-1

[Event "BL 2425 SF Bad Mergentheim - SK Kirchwey"]
[Site "?"]
[Date "2025.02.02"]
[Round "8.7"]
[White "Kovacevic, Aleksandar"]
[Black "Vlasak, Lukas"]
[Result "1-0"]
[WhiteElo "2447"]
[BlackElo "2449"]
[PlyCount "51"]
[EventDate "2025.??.??"]

1. c4 e6 2. Nf3 d5 3. e3 Nf6 4. b3 Bd6 5. Bb2 O-O 6. d4 b6 7. Bd3 Bb7 8. O-O Nbd7 9. Nbd2 Qe7 10. Qc2 h6 11. Rad1 c5 12. e4 dxe4 13. Nxe4 Bxe4 14. Bxe4 Rad8 15. Rfe1 Nxe4 16. Qxe4 Nf6 17. Qh4 cxd4 18. Nxd4 Qb7 19. Rd3 Kh7 20. Red1 Be7 21. Nf3 Kg8 22. Ne5 Qc7 23. Nd7 Rfe8 24. Bxf6 Bxf6 25. Nxf6+ gxf6 26. Qxh6 1-0

[Event "BL 2425 SF Bad Mergentheim - SK Kirchwey"]
[Site "?"]
[Date "2025.02.02"]
[Round "8.8"]
[White "Nemec, Jachym"]
[Black "Kuegel, Tobias"]
[Result "1-0"]
[WhiteElo "2433"]
[BlackElo "2423"]
[PlyCount "85"]
[EventDate "2025.??.??"]

1. d4 d5 2. Nf3 Nf6 3. Bf4 c5 4. e3 Nc6 5. Nbd2 Qb6 6. dxc5 Qxb2 7. Rb1 Qc3 8. Bb5 g6 9. O-O Bg7 10. Nb3 O-O 11. Bxc6 bxc6 12. Be5 Qc4 13. Qd4 Qxd4 14. Nfxd4 Ba6 15. Nxc6 Bxf1 16. Nxe7+ Kh8 17. Rxf1 Ne4 18. Bd4 Bxd4 19. exd4 Nc3 20. Re1 Rfe8 21. Na5 Kg7 22. Nac6 Kf8 23. g3 a5 24. Re3 Nxa2 25. Nxd5 Rxe3 26. fxe3 a4 27. Nb6 Ra6 28. d5 a3 29. d6 Nc3 30. d7 a2 31. d8=Q+ Kg7 32. Qd4+ f6 33. Qxc3 a1=Q+ 34. Qxa1 Rxa1+ 35. Kf2 Kf7 36. Nd4 Ke7 37. Nd5+ Kd7 38. Nxf6+ Kc7 39. Nd5+ Kd7 40. c6+ Kd6 41. c7 Ra8 42. c4 Rf8+ 43. Ke2 1-0

[Event "BL 2425 FC Bayern München - SC Heimbach"]
[Site "?"]
[Date "2025.02.02"]
[Round "8.1"]
[White "Livaic, Leon"]
[Black "Tabatabaei, M. Amin"]
[Result "0-1"]
[WhiteElo "2569"]
[BlackElo "2666"]
[PlyCount "62"]
[EventDate "2025.??.??"]

1. d4 Nf6 2. c4 e6 3. Nf3 d5 4. g3 Bb4+ 5. Bd2 Be7 6. Bg2 O-O 7. Qc2 Nbd7 8. O-O c6 9. Rd1 a5 10. Bf4 a4 11. a3 Ne4 12. Ne5 g5 13. Nxd7 Bxd7 14. Bc1 f5 15. Nc3 b5 16. Nxe4 fxe4 17. cxb5 cxb5 18. Be3 b4 19. f3 exf3 20. exf3 bxa3 21. bxa3 Rb8 22. f4 Rb3 23. Qe2 Bxa3 24. fxg5 Bb2 25. Ra2 Qb6 26. Bh3 a3 27. Kh1 Bb5 28. Qe1 e5 29. Bd2 e4 30. Bb4 Rf7 31. Bc5 Qa6 0-1

[Event "BL 2425 FC Bayern München - SC Heimbach"]
[Site "?"]
[Date "2025.02.02"]
[Round "8.2"]
[White "Santos Latasa, Jaime"]
[Black "Kraemer, Martin"]
[Result "1/2-1/2"]
[WhiteElo "2631"]
[BlackElo "2582"]
[PlyCount "55"]
[EventDate "2025.??.??"]

1. e4 e5 2. Nf3 Nc6 3. Bc4 Bc5 4. O-O Nf6 5. d3 O-O 6. c3 d6 7. h3 a5 8. Re1 Ba7 9. Bb3 h6 10. Nbd2 Be6 11. Bc2 Re8 12. Nf1 d5 13. exd5 Qxd5 14. Ng3 Rad8 15. Bd2 Bc5 16. Qe2 b5 17. Red1 Qd7 18. Be3 Bxe3 19. fxe3 Qe7 20. e4 Qc5+ 21. Qf2 Qxf2+ 22. Kxf2 Nd7 23. a4 b4 24. d4 exd4 25. cxd4 b3 26. Bd3 Nb4 27. Bf1 Nb6 28. d5 1/2-1/2

[Event "BL 2425 FC Bayern München - SC Heimbach"]
[Site "?"]
[Date "2025.02.02"]
[Round "8.3"]
[White "Lodici, Lorenzo"]
[Black "Idani, Pouya"]
[Result "0-1"]
[WhiteElo "2572"]
[BlackElo "2616"]
[PlyCount "72"]
[EventDate "2025.??.??"]

1. e4 c6 2. d4 d5 3. e5 c5 4. dxc5 e6 5. Be3 Nd7 6. Nf3 Ne7 7. Bb5 Nf5 8. b4 Nxe3 9. fxe3 a6 10. Ba4 Be7 11. Nc3 O-O 12. e4 Nxc5 13. bxc5 Qa5 14. Qd2 dxe4 15. Nxe4 Qxa4 16. Nd6 Qa3 17. Qd4 Bd7 18. O-O Rac8 19. Rab1 Rxc5 20. Rb3 Qa5 21. Rxb7 Rd5 22. Qa7 Bxd6 23. exd6 Bc8 24. Rc7 Rxd6 25. Nd4 Qh5 26. Nc6 Rd1 27. Ne7+ Kh8 28. Qf2 Bd7 29. h3 Qe5 30. Rxd1 Qxc7 31. Qd4 Bb5 32. Qd6 Qxd6 33. Rxd6 h6 34. Kf2 Re8 35. Nc6 Rc8 36. Nd4 e5 0-1

[Event "BL 2425 FC Bayern München - SC Heimbach"]
[Site "?"]
[Date "2025.02.02"]
[Round "8.4"]
[White "Dragnev, Valentin"]
[Black "Nasuta, Grzegorz"]
[Result "0-1"]
[WhiteElo "2550"]
[BlackElo "2506"]
[PlyCount "127"]
[EventDate "2025.??.??"]

1. e4 e5 2. Nf3 Nc6 3. Bb5 a6 4. Ba4 Nf6 5. O-O b5 6. Bb3 Bc5 7. c3 d6 8. d3 h6 9. Re1 O-O 10. Nbd2 Bb6 11. Nf1 Ne7 12. a4 Rb8 13. h3 Ng6 14. a5 Ba7 15. d4 c5 16. Bc2 Qc7 17. Be3 Rd8 18. Ng3 d5 19. Nxe5 cxd4 20. cxd4 Nxe5 21. dxe5 Bxe3 22. Rxe3 dxe4 23. Qe2 Qxe5 24. Bxe4 Qc5 25. Qe1 b4 26. Qc1 Rb5 27. Rd3 Rxd3 28. Qxc5 Rxc5 29. Bxd3 Kf8 30. b3 g6 31. Bc4 Bb7 32. Ra4 Bd5 33. Bxd5 Nxd5 34. Ne4 Rc1+ 35. Kh2 f5 36. Nd2 Rc2 37. Nc4 Rxf2 38. Ra1 Rc2 39. Rd1 Nf4 40. Rd6 Nxg2 41. Rxa6 Ne3+ 42. Kg3 Nxc4 43. bxc4 Kg7 44. Rc6 g5 45. a6 Rc3+ 46. Kg2 Ra3 47. Rb6 b3 48. c5 Ra2+ 49. Kf3 b2 50. Ke3 h5 51. h4 gxh4 52. a7 Rxa7 53. Kf4 Rc7 54. Kg5 h3 55. Rxb2 Rxc5 56. Rb7+ Kg8 57. Rb3 h2 58. Rh3 Rc2 59. Kxf5 Kf7 60. Kf4 h4 61. Kg5 Ke6 62. Kxh4 Rg2 63. Kh5 Rg8 64. Re3+ 0-1